00370cam a22001337a 4500008003600000082001500036100002400051245004400075260002700119300001000146440004700156650001300203650002000216180718b xxu||||| |||| 00| 0 eng d aZ211 K897o aKrishnamurthy, K.H. aOnion and garliccby K.H. Krishnamurthy aDelhibBooks For Allc a112p. aHealth series: traditional family medicine aMedicine aFamily medicine